000 00636nam a2200253Ia 4500
003 OSt
005 20220918164341.0
006 a|||||r|||| 00| 0
007 ta
008 220917b |||||||| |||| 00| 0 eng d
020 _a0521625572
024 _a2,242
037 _cTextual
040 _aARTS
_cARTS
_beng
041 _2eng
_aeng
082 _aND51, N8
100 _aVassilika Eleni
_918493
245 0 _aGreek and Roman act
260 _aCambridge
_bCambridge Univ. Gt. Brit.
_c1998
300 _a136p
_ccm.
650 _aARTS
942 _hND51, N8
_cTEXL
_2CC
999 _c124396
_d124396